000
00243nam a2200109Ia 4500
008
240625s9999 xx 000 0 und d
041
_a
eng
082
_a
658.15 SHA
100
_a
SHAH PARESH P
245
_a
FINANCIAL MANAGEMENT
260
_c
2008
999
_c
34267
_d
34267